| 000 | 006910000a22002050004500 | ||
|---|---|---|---|
| 003 | dpl | ||
| 005 | 20081031093148.0 | ||
| 008 | 081031t xxu||||| |||| 00| 0 eng d | ||
| 010 | _aENG-84641 | ||
| 020 |
_a8180560554 _c195.00 (pbk) |
||
| 035 | _aEN-68174 | ||
| 040 | _cdpl | ||
| 082 | _a181.499 | ||
| 100 | _aOsho | ||
| 245 |
_aEveryday Osho: _b365 daily meditations for the here and now / _cby Osho |
||
| 260 |
_aNew Delhi _bHealth Harmony _c2002 |
||
| 300 |
_a362p _c22cm |
||
| 942 |
_2ddc _cEN _h181.499 _mOSH |
||
| 999 |
_c17945 _d17945 |
||